000 00863nam a2200241Ia 4500
003 OSt
005 20220923224320.0
006 a|||||r|||| 00| 0
007 ta
008 220922b |||||||| |||| 00| 0 hin d
024 _a231,022
037 _cTextual
040 _aARTS
_cARTS
_bhin
041 _2hin
_ahin
082 _aQ8441:332wK21, 152P3
100 _aबाठ, सुखविन्दर
245 0 _aगुरू तेग बहादुर जी की वाणी
_b संदर्भ और विश्लेषण
246 _aGurū teg bahādur jī kī vāṇī: sandarbha aur vishleṣhaṇa
260 _aलोनी
_b अमर प्रकाशन
_c2003
300 _a232पृ.
_ccm.
942 _hQ8441:332wK21, 152P3
_cTEXL
_2CC
999 _c370577
_d370577